| 000 -LEADER |
| fixed length control field |
00665nam a22002057a 4500 |
| 005 - DATE AND TIME OF LATEST TRANSACTION |
| control field |
20221105214805.0 |
| 008 - FIXED-LENGTH DATA ELEMENTS--GENERAL INFORMATION |
| fixed length control field |
200625s2017 enk||||| |||| 00| 0 eng d |
| 020 ## - INTERNATIONAL STANDARD BOOK NUMBER |
| International Standard Book Number |
9780323287821 1 |
| 041 ## - LANGUAGE CODE |
| Language code of text/sound track or separate title |
eng |
| 080 ## - UNIVERSAL DECIMAL CLASSIFICATION NUMBER |
| Universal Decimal Classification number |
616.8 W-72 |
| 100 ## - MAIN ENTRY--PERSONAL NAME |
| Personal name |
Winn, Richard MD |
| 9 (RLIN) |
8767 |
| 245 ## - TITLE STATEMENT |
| Title |
Youmans and Winn Neurological Surgery : |
| Remainder of title |
Volume 2 / |
| Statement of responsibility, etc. |
Richard Winn MD (Author). |
| 250 ## - EDITION STATEMENT |
| Edition statement |
Seventh edition |
| 264 ## - PRODUCTION, PUBLICATION, DISTRIBUTION, MANUFACTURE, AND COPYRIGHT NOTICE |
| Place of production, publication, distribution, manufacture |
Philadelphia : |
| Name of producer, publisher, distributor, manufacturer |
Elsevier, |
| Date of production, publication, distribution, manufacture, or copyright notice |
2017. |
| 300 ## - PHYSICAL DESCRIPTION |
| Extent |
1959 p. |
| Other physical details |
30 cm. |
| 653 ## - INDEX TERM--UNCONTROLLED |
| keyword |
მედიცინა |
| 653 ## - INDEX TERM--UNCONTROLLED |
| keyword |
ნეიროქირურგია |
| 653 ## - INDEX TERM--UNCONTROLLED |
| keyword |
ნევროლოგიური ქირურგია |
| 942 ## - ADDED ENTRY ELEMENTS (KOHA) |
| Source of classification or shelving scheme |
|
| Koha item type |
წიგნი |